| 000 | 00886nam a22002297a 4500 | ||
|---|---|---|---|
| 005 | 20240530110509.0 | ||
| 008 | 151026s2010 ua abd f 000 0 ara d | ||
| 017 |
_a2010/43832 _bمصر . دار الكتب المصرية |
||
| 040 | _aEG-CaGPL | ||
| 082 | 0 | 4 |
_221 _a333.91 _bق/م أ |
| 100 | 0 | _aممدوح الولى | |
| 245 | 1 | 0 |
_aاقتصاديات دول حوض النيل / _cتاليف ممدوح الولى |
| 250 | _aط1 | ||
| 260 |
_aالقاهرة : _bمكتبة جزيرة الورد ، _c2010 . |
||
| 300 |
_a272 ص : _bخرائط ، جداول ؛ _c24 سم . |
||
| 650 | 0 | 4 |
_aنهر النيل _xالاحوال الاقتصادية |
| 650 | 0 | 4 |
_aنهر النيل _xحق المياة |
| 650 | 0 | 4 |
_aنهر النيل _xالاحوال السياسية |
| 650 | 0 | 4 |
_aالمياة _xاقتصاديات |
| 942 |
_2ddc _cBK |
||
| 999 |
_c61638 _d61638 |
||